Barrios de Madrid: Hortaleza - Estadísticas

Estadísticas generales
  • Esta prueba ha sido intentada 10 veces
  • La puntuación promedio es 3 de 6
Estadísticas de respuestas
Código Barrio % Correcto
163 Canillas
89%
161 Palomas
56%
164 Pinar del Rey
56%
162 Piovera
56%
166 Valdefuentes
33%
165 Apóstol Santiago
22%
No se encontraron pruebas coincidentes
Distribución de puntuación
Porcentaje de gente con cada puntuación
Porcentaje por número respondido
Historial de tus puntuaciones
No has intentado esta prueba.